MARC

LEADER 00000nam0a2200000 4500
001 68661
005 20231031075042.0
010 |a 5783400580 
035 |a (RuTPU)RU\TPU\book\73119 
090 |a 68661 
100 |a 20041008d2000 km y0rusy50 ca 
101 0 |a rus 
102 |a RU 
105 |a y g 011zd 
200 1 |a Справочник 2000  |e Юбилейное издание  |f Российская Инженерная Академия; сост. Б. В. Гусев, И. К. Растегаев, Г. В. Черныщук, А. И. Яковлев 
210 |a Москва  |c Готика  |d 2000 
215 |a 464 с. 
320 |a Алфавитный указатель имен: с. 428-455. 
610 1 |a наука 
610 1 |a Академия наук 
610 1 |a инженерная академия 
610 1 |a Россия 
610 1 |a ученые 
610 1 |a академики 
610 1 |a персоналии 
610 1 |a справочники 
686 |a Ч214(2)71я2  |v LBC/SL-A  |2 rubbk 
702 1 |a Гусев  |b Б. В.  |4 220 
702 1 |a Растегаев  |b И. К.  |4 220 
702 1 |a Черныщук  |b Г. В.  |4 220 
702 1 |a Яковлев  |b А. И.  |4 220 
712 0 2 |a Российская инженерная академия (РИА)  |c (Москва)  |2 stltpush  |3 (RuTPU)RU\TPU\col\20872 
801 1 |a RU  |b 63413507  |c 20041008  |g PSBO 
801 2 |a RU  |b 63413507  |c 20150723  |g PSBO 
942 |c BK